Executive compensation

Bibliographic Details
Corporate Author: Harvard business review (Author)
Format: Book
Published: Boston : Harvard Business Review , 1973
Subjects:

MARC

LEADER 00000cam a2200000 7i4500
001 0000008132
005 20021119093000.0
008 021119n
020 |a 0867351284 
090 0 0 |a HD4965.2   |b .H3 
110 0 |a Harvard business review   |e author 
245 0 0 |a Executive compensation 
260 2 |a Boston :   |b Harvard Business Review ,   |c 1973 
300 |a 2 v. ;   |c 28 cm. 
650 0 |a Executives   |x Salaries, etc. 
999 |a 1000030655   |b Book   |c Reference   |e Gong Badak Campus 
999 |a 1000030656   |b Book   |c Reference   |e Gong Badak Campus 
999 |a 1000030657   |b Book   |c Reference   |e Gong Badak Campus